LIBRARY & INFORMATION CENTRE, KCAET, TAVANUR

ONLINE PUBLIC ACCESS CATALOGUE (OPAC)

Electronics Made Simple (Record no. 18998)

MARC details
000 -LEADER
fixed length control field 00271nam a22001217a 4500
003 - CONTROL NUMBER IDENTIFIER
control field OSt
008 - FIXED-LENGTH DATA ELEMENTS--GENERAL INFORMATION
fixed length control field 250109b |||||||| |||| 00| 0 eng d
041 ## - LANGUAGE CODE
Language code of text/sound track or separate title eng
082 ## - DEWEY DECIMAL CLASSIFICATION NUMBER
Classification number 621.381
Item number JAC/EL
100 ## - MAIN ENTRY--AUTHOR NAME
Personal name Jacabonitz, H
245 ## - TITLE STATEMENT
Title Electronics Made Simple
942 ## - ADDED ENTRY ELEMENTS (KOHA)
Koha item type Books
Holdings
Withdrawn status Lost status Damaged status Home library Current library Date acquired Cost, normal purchase price Full call number Accession Number Koha item type
      KAUAET KAUAET 09/01/2025 9.50 621.381 JAC/EL 14702 Books
free website counter